| 000 | 00445nab a2200145Ia 4500 | ||
|---|---|---|---|
| 003 | ES-SlBCS | ||
| 005 | 20210601145312.0 | ||
| 008 | 140529s1967 xxu||||| |||| 00| 0 spa d | ||
| 041 | _aspa | ||
| 100 | 1 |
_aEysenck, Hans J. _9159460 |
|
| 245 | 0 | 0 |
_aNuevas vías en psicoterapia _c Hans J. Eysenck |
| 650 | 0 | 4 |
_aPsicoterapia _994893 |
| 773 | 0 |
_tRevista de Psicologia General y Aplicada _gvol. 22, nº. 86-87, 1967, págs. 5-33 _wRev1347 |
|
| 942 | _cAR | ||
| 999 |
_c722551 _d722551 |
||